<The> Costs of Age Management in agricultural companies
Poľnohospodárske podniky v ČR a náklady na udržanie vytýčených vekových úrovní zamestnancov.
Saved in:
| Main Author: | |
|---|---|
| Other Authors: | |
| Format: | Book Chapter |
| Language: | English |
| Subjects: | |
| Tags: |
No Tags, Be the first to tag this record!
|
MARC
| LEADER | 00000naa a2200000 4500 | ||
|---|---|---|---|
| 001 | 0198621 | ||
| 005 | 20231211071828.9 | ||
| 041 | 0 | |a eng | |
| 044 | |a CZ | ||
| 245 | 1 | 0 | |a <The> Costs of Age Management in agricultural companies |c Hana Urbancová, Helena Čermáková |
| 520 | |a Poľnohospodárske podniky v ČR a náklady na udržanie vytýčených vekových úrovní zamestnancov. | ||
| 610 | 2 | 0 | |a politika poľnohospodárska |
| 610 | 2 | 0 | |a pracovníci poľnohospodárski |
| 610 | 2 | 0 | |a reformy poľnohospodárske |
| 610 | 2 | 0 | |a vek |
| 610 | 2 | 0 | |a štatistika demografická |
| 610 | 2 | 0 | |a demografia |
| 610 | 2 | 0 | |a náklady |
| 610 | 2 | 0 | |a Česko |
| 610 | 2 | 0 | |a manažment personálny |
| 100 | 1 | |a Urbancová, Hana | |
| 700 | 1 | |a Čermáková, Helena | |